000
00289nam a2200133Ia 4500
100
_a
Black/ U.D.
942
_c
BK
654
_a
communication
245
_a
Data communications
260
_b
Prentice Hall
_a
New Delhi
_c
1995
082
_a
5.71
_b
PAN
300
_a
653
546
_a
ENGLISH
999
_c
31735
_d
31735